Growing wisdom : (Record no. 1790)

MARC details
000 -LEADER
fixed length control field 01809cam a22003737i 4500
001 - CONTROL NUMBER
control field data
005 - DATE AND TIME OF LATEST TRANSACTION
control field 20260322212118.0
008 - FIXED-LENGTH DATA ELEMENTS--GENERAL INFORMATION
fixed length control field data
035 ## - SYSTEM CONTROL NUMBER
System control number 22666828
010 ## - LIBRARY OF CONGRESS CONTROL NUMBER
LC control number 2022304458
020 ## - INTERNATIONAL STANDARD BOOK NUMBER
International Standard Book Number 9781792435669
Qualifying information (pbk.)
035 ## - SYSTEM CONTROL NUMBER
System control number (OCoLC)1201378955
040 ## - CATALOGING SOURCE
Original cataloging agency YDX
Language of cataloging eng
Description conventions rda
Transcribing agency YDX
Modifying agency DLC
-- OCLCO
-- OCLCF
-- OCLCO
-- DLC
042 ## - AUTHENTICATION CODE
Authentication code lccopycat
050 00 - LIBRARY OF CONGRESS CALL NUMBER
Classification number B790
Item number .C856 2020
100 1# - MAIN ENTRY--PERSONAL NAME
Personal name Cardwell, Charles E.,
Relator term author.
245 10 - TITLE STATEMENT
Title Growing wisdom :
Remainder of title an invitation to western philosophy /
Statement of responsibility, etc. Charles E. Cardwell.
250 ## - EDITION STATEMENT
Edition statement Second edition.
264 #1 - PRODUCTION, PUBLICATION, DISTRIBUTION, MANUFACTURE, AND COPYRIGHT NOTICE
Place of production, publication, distribution, manufacture Dubuque, IA :
Name of producer, publisher, distributor, manufacturer Kendall Hunt,
Date of production, publication, distribution, manufacture, or copyright notice 2020.
300 ## - PHYSICAL DESCRIPTION
Extent viii, 394 pages ;
Dimensions 24 cm
336 ## - CONTENT TYPE
Content type term text
Content type code txt
Source rdacontent
337 ## - MEDIA TYPE
Media type term unmediated
Media type code n
Source rdamedia
338 ## - CARRIER TYPE
Carrier type term volume
Carrier type code nc
Source rdacarrier
504 ## - BIBLIOGRAPHY, ETC. NOTE
Bibliography, etc. note Includes bibliographical references (pages 365-394).
520 ## - SUMMARY, ETC.
Summary, etc. "No one is born with Wisdom - the ability to think and act with understanding and insight. Wisdom grows only in a soil rich with knowledge and experience, but knowledge and experience provide only the nutrients. Wisdom must be nurtured by curiosity and a desire for understanding. Growing wisdom takes time and effort. Great minds have graced us with records of their struggles towards wisdom. This volume enables us to stand on the shoulders of some of these giants and thereby grow our own wisdom farther -- and faster!" -- Back cover.
650 #0 - SUBJECT ADDED ENTRY--TOPICAL TERM
Topical term or geographic name entry element Philosophy.
650 #2 - SUBJECT ADDED ENTRY--TOPICAL TERM
Topical term or geographic name entry element Philosophy
650 #6 - SUBJECT ADDED ENTRY--TOPICAL TERM
Topical term or geographic name entry element Philosophie.
650 #7 - SUBJECT ADDED ENTRY--TOPICAL TERM
Topical term or geographic name entry element philosophy.
Source of heading or term aat
650 #7 - SUBJECT ADDED ENTRY--TOPICAL TERM
Topical term or geographic name entry element Philosophy.
Source of heading or term fast
Authority record control number or standard number (OCoLC)fst01060777
906 ## - LOCAL DATA ELEMENT F, LDF (RLIN)
a 7
b cbc
c copycat
d 2
e ncip
f 20
g y-gencatlg
925 0# -
-- acquire
-- 1 shelf copy
-- policy default
Holdings
Withdrawn status Lost status Damaged status Not for loan Home library Current library Shelving location Date acquired Total checkouts Full call number Barcode Date last seen Price effective from Koha item type
        Franklin Franklin General stacks 22/03/2026   B790 LOC-FRL-00026 22/03/2026 22/03/2026 Books